| 000 -GUIDE |
| Champ de contrôle de longueur fixe |
01022nam a22002657a 4500 |
| 003 - IDENTITÉ DU NUMÉRO DE CONTRÔLE |
| Champ de contrôle |
BI-BuBU |
| 008 - ÉLÉMENTS DE LONGUEUR FIXE - RENSEIGNEMENTS GÉNÉRAUX |
| Champ de contrôle de longueur fixe |
111118t1984 it ||||dr|||| 000 0 fre d |
| 020 ## - INTERNATIONAL STANDARD BOOK NUMBER |
| ISBN |
9250021356 |
| 037 ## - SOURCE D'ACQUISITION |
| Source d'acquisition et du numéro d'inventaire |
Achat |
| 039 ## - NIVEAU DE CONTRÔLE BIBLIOGRAPHIQUE ET HISTORIQUE D'ENCODAGE [OBSOLETE] |
| Nom catalographe |
Marie Goretti Ndayizeye |
| 040 ## - SOURCE DU CATALOGAGE |
| Organisme qui a effectué le catalogage original |
BI-BuBU |
| Code de la langue utilisée dans le catalogage |
fre |
| Organisme qui a effectué la transcription |
BI-BuBU |
| 041 0# - CODE DE LANGUE |
| Code de langue du texte/de la piste sonore ou du titre distinct |
fre |
| 080 ## - INDICE DE LA CLASSIFICATION DÉCIMALE UNIVERSELLE (CDU) |
| Indice de la Classification décimale universelle |
639.2 |
| 110 ## - VEDETTE PRINCIPALE - NOM DE COLLECTIVITÉ |
| Nom de la collectivité ou nom de lieu comme élément de classement |
Conseil général des pêches pour la méditerranée |
| Lieu de collectivité |
Rome |
| 9 (RLIN) |
46080 |
| 245 00 - MENTION DU TITRE |
| Titre |
Management of coastal lagoon fisheries= aménagement des pêches dans les lagunes cotières |
| Mention de responsabilité, etc. |
Conseil général des pêches pour la méditerranée |
| 260 ## - PUBLICATION, DIFFUSION, ETC. (ADRESSE BIBLIOGRAPHIQUE) |
| Lieu de publication, diffusion, etc. |
Rome |
| Nom de l'éditeur, diffuseur, etc. |
FAO |
| Date of publication, distribution, etc |
1984 |
| 300 ## - DESCRIPTION MATÉRIELLE |
| Collation |
VIII-pp 439-776 |
| Autres caractéristiques matérielles |
ill. |
| Dimensions |
30 cm. |
| 440 #0 - MENTION DE COLLECTION / VEDETTE SECONDAIRE DE TITRE |
| Titre |
Studies and reviews= Etudes et revues |
| Numéro de volume et/ou désignation d'ordre séquentiel |
61 vol.2 |
| 9 (RLIN) |
46083 |
| 650 #7 - VEDETTE-MATIÈRE - NOM COMMUN |
| Source du terme |
BI-BuBU |
| Vedette de sujet ou vedette comportant un nom géographique |
Pêche . Lagune cotière. Aménagement |
| 9 (RLIN) |
46084 |
| 700 ## - VEDETTE SECONDAIRE - NOM DE PERSONNE |
| Code de relation |
pbl |
| Nom d'auteur |
Kapetsky, James M. |
| 9 (RLIN) |
46081 |
| 700 ## - VEDETTE SECONDAIRE - NOM DE PERSONNE |
| Code de relation |
pbl |
| Nom d'auteur |
Lassere, G. |
| 9 (RLIN) |
46082 |
| 942 ## - ÉLÉMENTS D'ENTRÉE ADDITIONNELLE (KOHA) |
| Source de la classification ou du système de rangement |
|
| Type d item koha |
BOOK |